Three views on the New Testament use of the Old Testament : (Record no. 8388)
[ view plain ]
| 000 -LEADER | |
|---|---|
| fixed length control field | 01678nam a22002297a 4500 |
| 003 - CONTROL NUMBER IDENTIFIER | |
| control field | GBCCL |
| 005 - DATE AND TIME OF LATEST TRANSACTION | |
| control field | 20241126110649.0 |
| 008 - FIXED-LENGTH DATA ELEMENTS--GENERAL INFORMATION | |
| fixed length control field | 210202b ||||| |||| 00| 0 eng d |
| 022 ## - INTERNATIONAL STANDARD SERIAL NUMBER | |
| International Standard Serial Number | 9780310273332 |
| 022 ## - INTERNATIONAL STANDARD SERIAL NUMBER | |
| International Standard Serial Number | 0310273331 |
| 040 ## - CATALOGING SOURCE | |
| Transcribing agency | gbc |
| 082 ## - DEWEY DECIMAL CLASSIFICATION NUMBER | |
| Classification number | 220.6 |
| Item number | THR |
| 245 ## - TITLE STATEMENT | |
| Title | Three views on the New Testament use of the Old Testament : |
| Statement of responsibility, etc. | general editors, Kenneth Berding and Jonathan Lunde. |
| Remainder of title | single meaning, unified referents |
| 260 ## - PUBLICATION, DISTRIBUTION, ETC. | |
| Place of publication, distribution, etc. | Grand Rapids, Mich. : |
| Name of publisher, distributor, etc. | Zondervan, |
| Date of publication, distribution, etc. | 2008. |
| 300 ## - PHYSICAL DESCRIPTION | |
| Extent | 256 pages ; |
| Other physical details | 21 cm |
| 440 ## - SERIES STATEMENT/ADDED ENTRY--TITLE | |
| Title | Counterpoints : exploring theology. |
| 9 (RLIN) | 14678 |
| 505 ## - FORMATTED CONTENTS NOTE | |
| Formatted contents note | ntroduction: An introduction to central questions in the New Testament's use of the Old Testament / Jonathan Lunde --<br/>Single meaning, unified referents : accurate and authoritative citations of the Old Testament by the New Testament / Walter C. Kaiser, Jr. --<br/>Responses / Darrell L. Bock, Peter Enns --<br/>Single meaning, multiple contexts and referents : the New Testament's legitimate, accurate, and multifaceted use of the Old / Darrell L. Bock --<br/>Responses / Walter C. Kaiser, Jr., Peter Enns --<br/>Fuller meaning, single goal : a christotelic approach to the New Testament's use of the Old in its first-century interpretive environment / Peter Enns --<br/>Responses / Walter C. Kaiser, Jr., Darrell L. Bock --<br/>Conclusion: An analysis of three views on the New Testament's use of the Old Testament / Kenneth Berding. |
| 650 ## - SUBJECT ADDED ENTRY--TOPICAL TERM | |
| Topical term or geographic name entry element | Bible. -- New Testament -- Criticism, interpretation, etc. |
| 9 (RLIN) | 13301 |
| 650 ## - SUBJECT ADDED ENTRY--TOPICAL TERM | |
| Topical term or geographic name entry element | Bible. -- Old Testament -- Relation to the New Testament. |
| 9 (RLIN) | 14676 |
| 650 ## - SUBJECT ADDED ENTRY--TOPICAL TERM | |
| Topical term or geographic name entry element | Bible. -- New Testament -- Relation to the Old Testament. |
| 9 (RLIN) | 14677 |
| 942 ## - ADDED ENTRY ELEMENTS (KOHA) | |
| Source of classification or shelving scheme | Dewey Decimal Classification |
| Koha item type | Books |
| Koha issues (borrowed), all copies | 1 |
| Withdrawn status | Lost status | Source of classification or shelving scheme | Damaged status | Not for loan | Home library | Current Library | Shelving location | Date acquired | Total checkouts | Full call number | Barcode | Date last seen | Copy number | Price effective from | Koha item type | Date last checked out |
|---|---|---|---|---|---|---|---|---|---|---|---|---|---|---|---|---|
| Dewey Decimal Classification | GRACE BIBLE COLLEGE | GRACE BIBLE COLLEGE | Biblical Studies | 2021-02-02 | 220.6 THR | 013865 | 2025-05-01 | c.1 | 2021-02-02 | Books | ||||||
| Dewey Decimal Classification | GRACE BIBLE COLLEGE | GRACE BIBLE COLLEGE | Biblical Studies | 2021-02-02 | 1 | 220.6 THR | 013866 | 2025-05-01 | c.2 | 2021-02-02 | Books | 2022-06-17 |